000 00580nmm a2200169Ia 4500
008 251105s9999||||xx |||||||||||||||||und||
020 _a9788437065502
041 _aspa
100 _aCalle, Romà de la, Romá de la
245 0 _aEl ojo y la memoria :
_b Materiales para una historia del arte valenciano contemporáneo
264 _a[Madrid, España] :
_bPublicaciones de la Universidad de Valencia (PUV),
_c2006
300 _a340 páginas
490 _aOberta
650 _aHistory of Europe: Spain
856 _uhttps://public.digitaliapublishing.com/a/34682
942 _cCF
999 _c82364
_d82364